Shapes on a Map - Statistics

General Stats
  • This quiz has been taken 60 times
    44 since last reset
  • The average score is 10 of 11
Answers on the Map
Answers color-coded by a green-red scale on the quiz's map according to % correct below.
 
Answer Stats
Answer % Correct
Square
100%
Circle
96%
Triangle
96%
Hexagon
93%
Rectangle
93%
Star
93%
Oval
89%
Pentagon
81%
Rhombus
81%
Trapezoid
81%
Parallelogram
78%
No matching quizzes found
Score Distribution
Percent of People with Each Score
Percentile by Number Answered
Your Score History
You have not taken this quiz since the last reset